Príručka pre maturantov z anglickej gramatiky

Bibliographic Details
Main Author: Répássyová, Elena (Author)
Format: Book
Language:English
PhysicalDescription:68 s. 29 cm
Published: Bratislava Terra 1998
ISBN:8085679558
Subjects:

MARC

LEADER 00000nam a2200000 a 4500
001 vtls001324620
003 SK-MaSNL
005 20260301160054.0
008 240318s1998 xo r eng
015 |a SNBA1998/08-02939 
020 |a 8085679558 
035 |a SNK000277357 
035 |a urn:nbn:sk:snk-amtjgf 
035 |a urn:nbn:sk:snk-am00c5n6 
035 |a 59009C2E-71BA-4258-B801-CE9FA5F1D638 
040 |a SNK  |b slo  |c SNK  |e AACR2 
041 0 |a eng 
044 |a xo  |c SK 
080 |a 802.0-5  |2 1981 
100 1 |a Répássyová, Elena  |4 aut  |9 243306 
245 1 0 |a Príručka pre maturantov z anglickej gramatiky  |c [spracovala: Elena Répassyová] 
260 |a Bratislava  |b Terra  |c 1998 
300 |a 68 s.  |c 29 cm 
500 |a Údaj o sprac. prevzatý z front. 
650 0 7 |a angličtina  |x gramatika  |x príručky  |2 SNK  |9 393680 
655 7 |a príručky  |2 SNK  |9 74364 
919 |a 80-85679-55-8 
958 |a TL 
999 |c 803913  |d 805843 
952 |t P60, <09>, [BOOK], {629}  |a SNK  |b SNK  |y NEVYP  |7 0  |o snkB 142  |i snk553/980323  |0 0  |1 0  |4 0  |d 1998-03-19  |l 0  |r 2005-01-02 00:00:00  |w 2026-02-24 
952 |t P60, <03>, [BOOK], {603}  |a SNK  |b SNK  |y PREZ  |7 0  |p 17A0128024  |o snkSB 58428  |i snkKSP 2971/98  |0 0  |1 0  |4 0  |d 1998-03-19  |f 1  |l 0  |r 2017-06-30 00:00:00  |w 2026-02-24 
952 |t P60, <04>, [BOOK], {604}  |a SNK  |b SNK  |y VYP  |7 0  |p 17A0128025  |o snkSB 58428 D1  |i snkKSP 2972/98  |0 0  |1 0  |4 0  |d 1998-03-19  |l 0  |r 2005-01-02 00:00:00  |w 2026-02-24